000 00415nam a2200181Ia 4500
001 10395
005 20260306161829.0
008 260306t1959||||xx |||||||||||||| ||spa||
041 _aESP
082 _a923.1
_bM28
100 _aMattingly, Garrett
_eAUT
245 0 _aCatalina de Aragón
260 _c1959
300 _a430 páginas :
_c17 cm.
650 _aGEN
654 _aCHU
942 _cLIB
_dJUS
_fJUS
_2ddc
_n
999 _c10395
_d10395